000 00281nam a2200109Ia 4500
008 200302s9999 xx 000 0 und d
100 _aWilliam Kirby Lockard
245 _aDesigtn Drawing Experiences 2000ed.
260 _bW. W. Norton & Co. Ltd.
260 _c2000
300 _a143 P.,
999 _c1156
_d1156